[Event "Challenge"]
[Site "http://www.queenalice.com/game.php?id=561755"]
[Date "2009.3.26"]
[Round "-"]
[White "mauriciov"]
[Black "pat0309"]
[Result "1-0"]
[WhiteElo "2431"]
[BlackElo "1584"]

1. d4 d5 2. c4 dxc4 3. e4 b5 4. Nc3 e6 5. Nxb5 a6 6. Nc3 Bb4 7. Bxc4 Nf6 8. Qc2
O-O 9. Nf3 Bb7 10. Bg5 Qd7 11. Bxf6 gxf6 12. Rd1 c6 13. O-O Kh8 14. e5 Be7 15.
Rfe1 Rg8 16. exf6 Bxf6 17. Ne4 Bg7 18. Neg5 f5 19. Bxe6 Rf8 20. Bxd7 Nxd7 21.
Re7 Bc8 22. Ne6 Rg8 23. Nfg5 Ne5 24. Qxf5 Bxe6 25. Qxh7# 1-0

[Event "Challenge"]
[Site "http://www.queenalice.com/game.php?id=561765"]
[Date "2009.3.26"]
[Round "-"]
[White "pat0309"]
[Black "mauriciov"]
[Result "0-1"]
[WhiteElo "1582"]
[BlackElo "2432"]

1. d4 Nf6 2. Bf4 g6 3. Qd2 d5 4. Qc3 Nc6 5. Nd2 Bg7 6. Nb3 O-O 7. e3 Ne4 8. Qd3
Bf5 9. Qe2 Re8 10. f3 Nd6 11. g4 Bd7 12. Bxd6 exd6 13. O-O-O a5 14. h4 a4 15.
Na1 Bxd4 16. e4 a3 17. Nb3 axb2+ 18. Kb1 Rxa2 19. Rxd4 Qa8 20. c3 Ra1+ 21. Nxa1
Qxa1+ 22. Kc2 Qc1+ 0-1

[Event "Challenge"]
[Site "http://www.queenalice.com/game.php?id=563268"]
[Date "2009.3.28"]
[Round "-"]
[White "cyrillt"]
[Black "pat0309"]
[Result "0-1"]
[WhiteElo "1822"]
[BlackElo "1580"]

1. e4 e5 2. Nf3 Nc6 3. Nc3 Nf6 4. Bc4 d6 5. d4 Na5 6. Bb3 Bg4 7. Qd3 Nxb3 8.
axb3 h6 9. d5 a6 10. O-O Be7 11. b4 O-O 12. h3 Bh5 13. Nh2 Bg6 14. f4 b5 15. f5
Bh7 16. Qg3 Kh8 17. Ng4 Rg8 18. Bd2 Nh5 19. Qe1 Bh4 20. Nf2 Ng3 21. Ne2 Nxf1 22.
Qxf1 Bf6 23. b3 Qd7 24. c4 c6 0-1

[Event "Challenge"]
[Site "http://www.queenalice.com/game.php?id=572656"]
[Date "2009.4.16"]
[Round "-"]
[White "pat0309"]
[Black "mauriciov"]
[Result "0-1"]
[WhiteElo "1599"]
[BlackElo "2430"]

1. d4 d5 2. Nc3 Nf6 3. Bg5 Nc6 4. e3 a6 5. f3 h6 6. Bh4 g5 7. Bg3 Bg7 8. Bd3 O-O
9. Bf2 Re8 10. Nge2 e5 11. Ng3 exd4 12. O-O dxc3 13. b3 d4 14. e4 Ne5 15. h3 c5
16. Nf5 Bxf5 17. g4 Be6 18. Bg3 Nxd3 19. Qxd3 b5 20. Rf2 c4 21. Qf1 d3 22. cxd3
cxd3 23. Rd1 d2 24. Be5 b4 25. a3 a5 26. Kh2 Bxb3 27. Ra1 Rxe5 0-1

[Event "Challenge"]
[Site "http://www.queenalice.com/game.php?id=576258"]
[Date "2009.4.23"]
[Round "-"]
[White "stan"]
[Black "pat0309"]
[Result "1-0"]
[WhiteElo "2138"]
[BlackElo "1638"]

1. e4 e5 2. Bc4 Nf6 3. d3 c5 4. Nc3 a6 5. f4 Bd6 6. Nf3 Nc6 7. f5 Nd4 8. Bg5 h6
9. Bh4 g5 10. fxg6 fxg6 11. Nd5 g5 12. Nxd4 cxd4 13. Nxf6+ Qxf6 14. Rf1 Qxf1+
15. Kxf1 Rf8+ 16. Bf2 b5 17. Bd5 Ra7 18. Qh5+ Kd8 19. Qxh6 Kc7 20. Rc1 Bb7 21.
c3 Bc6 22. cxd4 exd4 23. e5 Raa8 24. exd6+ Kb7 25. Bxc6+ dxc6 26. d7 Rh8 27.
Qxc6+ 1-0

[Event "Challenge"]
[Site "http://www.queenalice.com/game.php?id=576259"]
[Date "2009.4.23"]
[Round "-"]
[White "pat0309"]
[Black "stan"]
[Result "0-1"]
[WhiteElo "1604"]
[BlackElo "2212"]

1. e4 Nc6 2. Bc4 e6 3. c3 d5 4. exd5 exd5 5. Bb5 Qg5 6. Qf3 Bg4 7. Qe3+ Be7 8.
d4 Qxe3+ 9. Bxe3 Bd6 10. f3 Bf5 11. f4 Nh6 12. h3 O-O-O 13. Bxc6 bxc6 14. Nf3
Bxb1 15. Rxb1 Nf5 16. Bf2 Rhe8+ 17. Ne5 f6 18. g4 Nh6 19. O-O fxe5 20. Bh4 exf4
21. Bxd8 Kxd8 22. Rbe1 Rf8 23. Rf3 Nf7 24. Rd3 Ng5 25. h4 Ne4 26. Rf1 g5 27. h5
Nf6 28. b3 Nxg4 29. c4 Re8 30. c5 Bf8 31. a4 Ne3 32. Re1 g4 0-1

[Event "Challenge"]
[Site "http://www.queenalice.com/game.php?id=579781"]
[Date "2009.4.29"]
[Round "-"]
[White "sejalivre"]
[Black "pat0309"]
[Result "1-0"]
[WhiteElo "1528"]
[BlackElo "1619"]

1. e4 e5 2. Nf3 d6 3. d4 Bg4 4. h3 Bh5 5. g4 Bg6 6. Bb5+ c6 7. Ba4 b5 8. Bb3 f6
9. O-O Nd7 10. dxe5 Nxe5 11. Nxe5 1-0

[Event "Round 3  :(("]
[Site "http://www.queenalice.com/game.php?id=580157"]
[Date "2009.4.30"]
[Round "-"]
[White "Mr_SPOCK"]
[Black "pat0309"]
[Result "0-1"]
[WhiteElo "1543"]
[BlackElo "1591"]

1. e4 d6 2. d4 e5 3. d5 Nf6 4. Nc3 Nbd7 5. Nh3 h6 6. Bb5 a6 7. Bg5 axb5 8. Bh4
c6 9. O-O Be7 10. dxc6 bxc6 11. Ne2 Nxe4 12. Bxe7 Qxe7 13. Nc3 Nxc3 14. bxc3 Ba6
15. a4 O-O 16. axb5 Bxb5 17. g4 Bxf1 18. Kxf1 Qh4 19. Kg2 Rxa1 20. Qxa1 Qxg4+
21. Kf1 Qxh3+ 22. Ke2 Nf6 23. Qa7 Qxc3 24. Qc7 Qxc2+ 25. Kf3 Qd1+ 26. Kg2 c5 27.
h4 Nh5 28. Qc6 Nf4+ 29. Kh2 Ne2 30. Qf3 f5 31. Qh5 Qg1+ 32. Kh3 Qh1# 0-1

[Event "Challenge"]
[Site "http://www.queenalice.com/game.php?id=589794"]
[Date "2009.5.17"]
[Round "-"]
[White "dreamer"]
[Black "pat0309"]
[Result "1-0"]
[WhiteElo "1686"]
[BlackElo "1638"]

1. Nf3 b6 2. g3 Bb7 3. Bg2 g5 4. O-O h6 5. d4 Bg7 6. e3 d5 7. b3 e6 8. Bb2 Ne7
9. Nbd2 f6 10. c4 a5 11. a4 Na6 12. cxd5 exd5 13. Ba3 Nb4 14. Bxb4 axb4 15. Rc1
Ba6 16. Re1 b5 17. axb5 Bxb5 18. Bf1 Bxf1 19. Rxf1 c6 20. Ne1 O-O 21. Nc2 Qb6
22. Qe2 Ra2 23. Qd1 Rfa8 24. Ra1 c5 25. Rxa2 Rxa2 26. Ne1 Qa7 27. dxc5 Qxc5 28.
Nd3 Qb6 29. Nf3 Ng6 30. Nd4 f5 31. Qf3 Bxd4 32. Qxd5+ Kh7 33. Qxd4 1-0

[Event "Challenge"]
[Site "http://www.queenalice.com/game.php?id=597587"]
[Date "2009.6.2"]
[Round "-"]
[White "pat0309"]
[Black "woinic"]
[Result "0-1"]
[WhiteElo "1638"]
[BlackElo "1716"]

1. e4 c6 2. Nc3 d5 3. d4 dxe4 4. Nxe4 Bf5 5. Nc5 Qc8 6. Bc4 Nf6 7. f3 e6 8. Qe2
Nbd7 9. b4 Nxc5 10. bxc5 Be7 0-1